[Event "20th EUR-ch"]
[Site "Skopje MKD"]
[Date "2019.03.26"]
[Round "8"]
[White "Piesik, Piotr"]
[Black "Petkov, Momchil"]
[Result "1/2-1/2"]
[WhiteElo "2420"]
[BlackElo "2296"]
[EventDate "2019.03.18"]
[Board "118"]
[PlyCount "88"]

1.c4 Nf6 2.Nc3 g6 3.g3 Bg7 4.Bg2 O-O 5.d3 d6 6.Bg5 Nbd7 7.Qd2 c6 8.Nf3 Qc7
9.h3 e5 10.O-O Nc5 11.Bh6 Ne6 12.Rac1 Nd4 13.Bxg7 Nxf3+ 14.Bxf3 Kxg7 15.
Bg2 Be6 16.f4 Nd7 17.e4 f5 18.b3 Nf6 19.Kh2 Rae8 20.Rce1 exf4 21.gxf4 fxe4
22.dxe4 Nh5 23.f5 Bc8 24.Kg1 Qb6+ 25.Rf2 Qc5 26.Ne2 Kg8 27.Rf1 gxf5 28.b4 
Qe5 29.Qg5+ Ng7 30.h4 fxe4 31.Rxf8+ Rxf8 32.Rxf8+ Kxf8 33.Qd8+ Qe8 34.
Qxd6+ Kg8 35.Qf4 e3 36.Be4 Qh5 37.Bf3 Qg6+ 38.Kh2 Qe6 39.Ng3 Qe7 40.a3 Bd7
41.Be4 Be8 42.Kg2 Bg6 43.Qxe3 Qxh4 44.Bxg6 hxg6 1/2-1/2

[Event "20th EUR-ch"]
[Site "Skopje MKD"]
[Date "2019.03.26"]
[Round "8"]
[White "Megalios, Konstantinos"]
[Black "Antova, Gabriela"]
[Result "1-0"]
[WhiteElo "2416"]
[BlackElo "2286"]
[EventDate "2019.03.18"]
[Board "119"]
[PlyCount "59"]

1.Nf3 d5 2.g3 Nf6 3.Bg2 e6 4.O-O Be7 5.c4 O-O 6.d4 dxc4 7.Qc2 b5 8.a4 b4 
9.Nbd2 b3 10.Qxc4 Ba6 11.Qxb3 Bxe2 12.Re1 Ba6 13.Ne5 Nd5 14.Ne4 f6 15.Nc3 
c6 16.Nd3 Bxd3 17.Nxd5 exd5 18.Qxd3 Bd6 19.Bd2 Re8 20.Rxe8+ Qxe8 21.Re1 
Qf8 22.Bh3 g6 23.Qb3 Na6 24.Qb7 Nb4 25.Bh6 Qxh6 26.Qxa8+ Bf8 27.Be6+ Kh8 
28.Qd8 Qg7 29.Bd7 Nc2 30.Re8 1-0

[Event "20th EUR-ch"]
[Site "Skopje MKD"]
[Date "2019.03.26"]
[Round "8"]
[White "Fernandes, Antonio"]
[Black "Sokolovsky, Yahli"]
[Result "0-1"]
[WhiteElo "2405"]
[BlackElo "2278"]
[EventDate "2019.03.18"]
[Board "120"]
[PlyCount "64"]

1.e4 c5 2.Nf3 d6 3.d4 cxd4 4.Qxd4 a6 5.c4 Nc6 6.Qd2 Nf6 7.Nc3 g6 8.b3 Bg7 
9.Bb2 O-O 10.Be2 Bg4 11.O-O Nd7 12.h3 Bxf3 13.Bxf3 Nc5 14.Rfd1 Nd4 15.Be2 
e6 16.Bf1 Qh4 17.Re1 f5 18.b4 Nd7 19.exf5 gxf5 20.Ne2 Nxe2+ 21.Rxe2 Bxb2 
22.Qxb2 Rf6 23.g3 Qh6 24.Qd2 Qf8 25.Rd1 e5 26.Qd5+ Kh8 27.Qxb7 Rd8 28.c5 
f4 29.c6 fxg3 30.fxg3 Rf3 31.Bg2 Rxg3 32.cxd7 Qe7 0-1

[Event "20th EUR-ch"]
[Site "Skopje MKD"]
[Date "2019.03.26"]
[Round "8"]
[White "Maltsevskaya, Aleksandra"]
[Black "Nikolovski, Nikola"]
[Result "0-1"]
[WhiteElo "2252"]
[BlackElo "2404"]
[EventDate "2019.03.18"]
[Board "121"]
[PlyCount "82"]

1.Nf3 e6 2.d4 f5 3.c4 Nf6 4.Nc3 Bb4 5.Qc2 b6 6.e3 Bb7 7.Bd3 O-O 8.Bd2 d6 
9.O-O-O Nbd7 10.Ng5 Qe7 11.f3 c5 12.d5 Nxd5 13.cxd5 Qxg5 14.e4 Qf6 15.dxe6
Qxe6 16.exf5 Qf7 17.Nb5 Ne5 18.Nxd6 Qxa2 19.Bc4+ Nxc4 20.Qxc4+ Qxc4+ 21.
Nxc4 Bc6 22.Bxb4 cxb4 23.Ne3 Rae8 24.Rhe1 Re5 25.Rd6 Rf6 26.Rd8+ Rf8 27.
Rd6 Rc5+ 28.Kb1 Ba4 29.Rc1 Re5 30.Re6 Rfxf5 31.Rc8+ Kf7 32.Rxe5 Rxe5 33.
Rc7+ Kg6 34.Nc2 a5 35.Rb7 b3 36.Rxb6+ Kh5 37.Kc1 bxc2 38.b3 Rb5 39.Rxb5+ 
Bxb5 40.Kxc2 Bf1 41.g3 Bg2 0-1

[Event "20th EUR-ch"]
[Site "Skopje MKD"]
[Date "2019.03.26"]
[Round "8"]
[White "Csiki, Endre"]
[Black "Zarubitski, Viachaslau"]
[Result "0-1"]
[WhiteElo "2251"]
[BlackElo "2404"]
[EventDate "2019.03.18"]
[Board "122"]
[PlyCount "120"]

1.e4 Nf6 2.e5 Nd5 3.d4 d6 4.Nf3 dxe5 5.Nxe5 c6 6.Be2 Nd7 7.Nf3 g6 8.O-O 
Bg7 9.Re1 O-O 10.Bf1 N7f6 11.h3 Bf5 12.a3 Qc7 13.c4 Nb6 14.Be3 Rad8 15.Qb3
Ne4 16.Nc3 Nxc3 17.bxc3 Rfe8 18.Bg5 c5 19.Rad1 Be6 20.d5 Bf5 21.g4 Bd7 22.
Rd3 Ba4 23.Qa2 Bf6 24.Bxf6 exf6 25.Rde3 Nc8 26.Rxe8+ Rxe8 27.Rxe8+ Bxe8 
28.Qe2 Nd6 29.Nd2 Kf8 30.Qe3 b6 31.Qh6+ Kg8 32.Qe3 Ba4 33.Bd3 Qd8 34.Kg2 
Qe8 35.Qf4 Qe5 36.Qxe5 fxe5 37.Ne4 Nxe4 38.Bxe4 Kf8 39.d6 Ke8 40.Bd5 f6 
41.Be6 Bc6+ 42.f3 g5 43.Kf2 e4 44.fxe4 Bxe4 45.Kg3 Kd8 46.h4 h6 47.hxg5 
hxg5 48.Kh3 Bb7 49.Bf5 Bc8 50.Be4 Kd7 51.Bf5+ Kd8 52.Be4 Be6 53.Bc6 Bxc4 
54.Kg3 Be2 55.Kh3 a6 56.a4 b5 57.a5 b4 58.cxb4 cxb4 59.Bb7 Kd7 60.Kg3 Bd3 
0-1

[Event "20th EUR-ch"]
[Site "Skopje MKD"]
[Date "2019.03.26"]
[Round "8"]
[White "Atakisi, Umut"]
[Black "Ozenir, Ekin Baris"]
[Result "1-0"]
[WhiteElo "2403"]
[BlackElo "2265"]
[EventDate "2019.03.18"]
[Board "123"]
[PlyCount "123"]

1.d4 Nf6 2.c4 e6 3.Nc3 Bb4 4.Qc2 O-O 5.a3 Bxc3+ 6.Qxc3 d6 7.Nf3 b6 8.Bg5 
Nbd7 9.e3 Bb7 10.Be2 Rc8 11.b4 Ne4 12.Bxd8 Nxc3 13.Bh4 Nxe2 14.Kxe2 Rfe8 
15.Rhd1 e5 16.d5 a5 17.e4 Ra8 18.Nd2 Ra7 19.Nb3 Rea8 20.bxa5 bxa5 21.f3 a4
22.Nd2 Rc8 23.Rab1 Ba8 24.Rb4 Ra5 25.Nb1 Nc5 26.Nc3 Bb7 27.Bf2 Ba6 28.Rdb1
Nd7 29.Kd3 c6 30.dxc6 Rxc6 31.Nd5 Kf8 32.Bb6 Nxb6 33.Nxb6 Ke8 34.Rc1 Rac5 
35.Rc3 f5 36.Nxa4 fxe4+ 37.fxe4 Ra5 38.Nb6 Kf7 39.Nd5 Rac5 40.Ra4 h6 41.
Ne3 h5 42.Rb3 g6 43.Rb8 Kf6 44.h4 Ke6 45.Ra8 Bb7 46.Re8+ Kf7 47.Rh8 Ba6 
48.Rh7+ Kf8 49.Rb4 Rc8 50.Ra7 R8c6 51.Rb8+ Rc8 52.Rxc8+ Bxc8 53.Nd5 Be6 
54.a4 Rc8 55.a5 Rb8 56.Nb6 Ke8 57.Rh7 Bg8 58.Rc7 Be6 59.Kc3 Kf8 60.Kb4 Ke8
61.Kb5 Kd8 62.Rh7 1-0

[Event "20th EUR-ch"]
[Site "Skopje MKD"]
[Date "2019.03.26"]
[Round "8"]
[White "Sahin, Ozgun"]
[Black "Osmak, Iulija"]
[Result "0-1"]
[WhiteElo "2221"]
[BlackElo "2399"]
[EventDate "2019.03.18"]
[Board "124"]
[PlyCount "86"]

1.e4 e6 2.d4 d5 3.exd5 exd5 4.Bd3 Nc6 5.c3 Bd6 6.Qf3 Nce7 7.Ne2 Nf6 8.h3 
Ng6 9.Bg5 Be7 10.Nf4 O-O 11.O-O c6 12.Nxg6 fxg6 13.Qe2 Bd6 14.Nd2 Qc7 15.
Nf3 Re8 16.Qc2 Ne4 17.Rae1 Bf5 18.c4 Qf7 19.cxd5 cxd5 20.Bc1 Rac8 21.Qb3 
h6 22.Nh4 Be6 23.Bb5 Rf8 24.Nf3 a6 25.Bd3 g5 26.Ne5 Bxe5 27.dxe5 d4 28.Qb6
Nc5 29.Be2 Bxa2 30.b4 Ne6 31.Bb2 Bd5 32.Bg4 Rc6 33.Bxe6 Qxe6 34.Qxd4 Bc4 
35.Rc1 Bxf1 36.Rxc6 Qxc6 37.Kxf1 Rf4 38.Qd8+ Kh7 39.Qd3+ Qe4 40.Qxe4+ Rxe4
41.Bc3 Kg6 42.f3 Rc4 43.Bd2 Kf5 0-1

[Event "20th EUR-ch"]
[Site "Skopje MKD"]
[Date "2019.03.26"]
[Round "8"]
[White "Berzinsh, Roland"]
[Black "Martic, Zlatko"]
[Result "1-0"]
[WhiteElo "2397"]
[BlackElo "2261"]
[EventDate "2019.03.18"]
[Board "125"]
[PlyCount "105"]

1.d4 Nf6 2.Nf3 d5 3.Bf4 Bf5 4.e3 e6 5.c4 Bxb1 6.Qxb1 Bb4+ 7.Kd1 O-O 8.c5 
c6 9.Bd3 Nbd7 10.Ke2 Re8 11.g4 e5 12.dxe5 Ne4 13.Bxe4 dxe4 14.Qxe4 Bxc5 
15.Rad1 Qe7 16.Qc2 Bb6 17.Rd2 Nf8 18.Qb3 Rad8 19.Rhd1 Rxd2+ 20.Rxd2 Ng6 
21.Bg3 Ba5 22.Rd1 h6 23.Rd6 Nf8 24.Bh4 Qc7 25.Bg3 Qc8 26.h3 Bc7 27.Rd4 Nd7
28.Qd1 Nf8 29.Qb3 Nd7 30.Qd3 Nc5 31.Qf5 Ne6 32.Rd2 b6 33.a3 c5 34.Qe4 Qa6+
35.Qd3 b5 36.b4 Qa4 37.Qc3 Rc8 38.Rd7 Bb6 39.Nh4 Rd8 40.Rxd8+ Bxd8 41.Nf5 
c4 42.f3 a5 43.Be1 axb4 44.axb4 Bb6 45.h4 Qa2+ 46.Qd2 Qxd2+ 47.Bxd2 Kf8 
48.h5 Bc7 49.f4 Ke8 50.Bc3 Kd7 51.Kf3 Kc6 52.Ke4 Bb6 53.g5 1-0

[Event "20th EUR-ch"]
[Site "Skopje MKD"]
[Date "2019.03.26"]
[Round "8"]
[White "Eric, Jovana"]
[Black "Arsovic, Goran"]
[Result "1-0"]
[WhiteElo "2205"]
[BlackElo "2380"]
[EventDate "2019.03.18"]
[Board "126"]
[PlyCount "109"]

1.e4 c5 2.Nc3 d6 3.f4 g6 4.Nf3 Bg7 5.Bb5+ Bd7 6.Bc4 Nc6 7.O-O Na5 8.Be2 
Nf6 9.d3 Nc6 10.Qe1 O-O 11.Qh4 Nd4 12.Bd1 e6 13.Nxd4 cxd4 14.Ne2 Ne8 15.
Qf2 Qb6 16.a4 f5 17.a5 Qc5 18.exf5 gxf5 19.Bd2 a6 20.b4 Qa7 21.c3 dxc3 22.
Be3 Qb8 23.Rc1 Qd8 24.Nxc3 Rc8 25.Qe1 Qf6 26.Ba4 Bxa4 27.Nxa4 Rxc1 28.Qxc1
Qd8 29.Qc4 Qe7 30.Re1 Nf6 31.Bb6 Kf7 32.Nc3 Qd7 33.Qb3 Rc8 34.Ne2 Nd5 35.
Bd4 Bh6 36.Ng3 Qb5 37.Qd1 Nxf4 38.Be3 Qxd3 39.Qf3 Rc2 40.Qxb7+ Kf8 41.Bxf4
Bxf4 42.Qa8+ Ke7 43.Qb7+ Kd8 44.Qb8+ Kd7 45.Nh5 Be5 46.Qg8 Qd2 47.Rf1 Qe2 
48.Qf7+ Kc6 49.Qe8+ Kc7 50.Qe7+ Kc6 51.b5+ Qxb5 52.Ng3 f4 53.Qxe6 Kb7 54.
Nf5 Qe2 55.Nxd6+ 1-0

[Event "20th EUR-ch"]
[Site "Skopje MKD"]
[Date "2019.03.26"]
[Round "8"]
[White "Tomerlin, Sinisa"]
[Black "Ayats Llobera, Gerard"]
[Result "1-0"]
[WhiteElo "2192"]
[BlackElo "2377"]
[EventDate "2019.03.18"]
[Board "127"]
[PlyCount "108"]

1.Nf3 Nf6 2.g3 g6 3.Bg2 Bg7 4.d3 d5 5.O-O O-O 6.Nbd2 d4 7.Nb3 Nc6 8.c3 
dxc3 9.bxc3 Nd5 10.c4 Ndb4 11.d4 e5 12.Bg5 Qe8 13.a3 Na6 14.d5 e4 15.dxc6 
exf3 16.Bxf3 bxc6 17.Ra2 Bh3 18.Re1 Qe5 19.Be3 Qc3 20.Nd4 Rad8 21.Rd2 c5 
22.Ne6 Rxd2 23.Bxd2 Qxc4 24.Nxf8 Bxf8 25.Qc1 Qb3 26.Qc3 c4 27.Bd5 Qxc3 28.
Bxc3 Be6 29.Bxe6 fxe6 30.Bd4 Nc5 31.Bxc5 Bxc5 32.Rc1 Bxa3 33.Rxc4 Bd6 34.
f4 Kf7 35.Kf2 Ke7 36.e4 Kd7 37.Kf3 a5 38.g4 Bb4 39.h4 c5 40.h5 a4 41.g5 a3
42.Rc2 gxh5 43.f5 e5 44.Kg3 Ke7 45.Kh4 Kf7 46.Kxh5 Kg8 47.Kg4 Kg7 48.Kf3 
Kf7 49.Ke2 Ba5 50.Ra2 Bb4 51.Kd3 Ke7 52.Kc4 Kf7 53.Kd5 Ke7 54.Kxe5 Kf7 1-0

[Event "20th EUR-ch"]
[Site "Skopje MKD"]
[Date "2019.03.26"]
[Round "8"]
[White "Gines Esteo, Pedro Antonio"]
[Black "Doncevic, Dario"]
[Result "1-0"]
[WhiteElo "2372"]
[BlackElo "2249"]
[EventDate "2019.03.18"]
[Board "128"]
[PlyCount "63"]

1.d4 Nf6 2.c4 g6 3.Nc3 d5 4.Nf3 Bg7 5.Bg5 dxc4 6.e4 Bg4 7.Bxc4 Bxf3 8.gxf3
O-O 9.Qd2 Nfd7 10.O-O-O Nb6 11.Bb3 Nc6 12.d5 Nd4 13.Bh6 e5 14.Bxg7 Kxg7 
15.f4 f6 16.h4 Kh8 17.Qe3 Nxb3+ 18.axb3 Qe7 19.Rdg1 Nd7 20.fxe5 fxe5 21.h5
g5 22.Rxg5 Rxf2 23.Rhg1 Qc5 24.Qg3 Qf8 25.Kb1 Rf1+ 26.Ka2 Rxg1 27.Qxg1 Qf6
28.b4 a5 29.b5 Qd6 30.Rg7 Rf8 31.h6 Qxh6 32.Rxd7 1-0

[Event "20th EUR-ch"]
[Site "Skopje MKD"]
[Date "2019.03.26"]
[Round "8"]
[White "Iliaguev, Nisim"]
[Black "Milikow, Elie"]
[Result "1-0"]
[WhiteElo "2366"]
[BlackElo "2226"]
[EventDate "2019.03.18"]
[Board "129"]
[PlyCount "129"]

1.d4 Nf6 2.c4 c5 3.d5 b5 4.cxb5 a6 5.bxa6 g6 6.Nf3 Bg7 7.Nc3 O-O 8.e4 d6 
9.Be2 Qa5 10.O-O Nbd7 11.Qc2 Bxa6 12.Bxa6 Qxa6 13.a4 Rfb8 14.Bd2 Qc4 15.
Rfb1 Qb3 16.Qd3 Ng4 17.Ra3 Nde5 18.Nxe5 Nxe5 19.Rxb3 Nxd3 20.Rxb8+ Rxb8 
21.a5 c4 22.a6 Ra8 23.Ra1 Nc5 24.a7 Nb3 25.Ra2 Nxd2 26.Nb5 Nb3 27.Nc7 Rxa7
28.Rxa7 Bxb2 29.Nb5 c3 30.Rc7 Nc5 31.Nd4 Nxe4 32.Rxe7 Nf6 33.Nc2 Kf8 34.
Re1 Nxd5 35.Rd1 Nf4 36.Rxd6 Bc1 37.g3 Ne6 38.Kf1 Ke7 39.Rc6 Bd2 40.Ke2 Kf8
41.h4 Kg7 42.Kd3 Kg8 43.Ne3 Kg7 44.Rc4 h5 45.Nd5 Be1 46.Ke2 Bd2 47.Nxc3 
Bxc3 48.Rxc3 f6 49.Ke3 f5 50.Rc6 Kf7 51.f4 Nf8 52.Kd4 Nd7 53.Rc7 Ke6 54.
Ra7 Nf8 55.Kc5 Nd7+ 56.Kc6 Nf8 57.Rb7 Kf6 58.Kd5 g5 59.fxg5+ Kg6 60.Rb6+ 
Kg7 61.Rd6 Ng6 62.Rxg6+ Kxg6 63.Ke6 f4 64.gxf4 Kh7 65.Kf7 1-0

[Event "20th EUR-ch"]
[Site "Skopje MKD"]
[Date "2019.03.26"]
[Round "8"]
[White "Manea, Alexandru"]
[Black "Tifferet, Shaked"]
[Result "1-0"]
[WhiteElo "2357"]
[BlackElo "2219"]
[EventDate "2019.03.18"]
[Board "130"]
[PlyCount "45"]

1.c4 Nf6 2.Nc3 e6 3.Nf3 d5 4.e3 Be7 5.b3 O-O 6.Bb2 b6 7.Be2 Bb7 8.O-O c5 
9.cxd5 Nxd5 10.Qc2 Bf6 11.Rac1 Nd7 12.Rfd1 Nxc3 13.Bxc3 Rc8 14.a3 Bxc3 15.
Qxc3 Nf6 16.Qb2 Qe7 17.b4 Rc7 18.Ne5 Rfc8 19.b5 Ne8 20.Rc2 f6 21.Nc4 Nd6 
22.Nxd6 Qxd6 23.Bc4 1-0

[Event "20th EUR-ch"]
[Site "Skopje MKD"]
[Date "2019.03.26"]
[Round "8"]
[White "Jandric, Damjan"]
[Black "Mihajlov, Sebastian"]
[Result "1/2-1/2"]
[WhiteElo "2171"]
[BlackElo "2356"]
[EventDate "2019.03.18"]
[Board "131"]
[PlyCount "149"]

1.e4 e6 2.d3 d5 3.Qe2 Nc6 4.Nf3 Nf6 5.g3 dxe4 6.dxe4 Bc5 7.Bg2 e5 8.h3 O-O
9.O-O a5 10.c3 b6 11.Rd1 Qe7 12.Bg5 Ba6 13.Qe1 h6 14.Bxf6 Qxf6 15.Nbd2 a4 
16.b4 Bd6 17.Bf1 Bb7 18.a3 Ne7 19.Qe3 Ng6 20.Nc4 Rfd8 21.Rd2 Be7 22.Rad1 
Qe6 23.Rxd8+ Rxd8 24.Rxd8+ Bxd8 25.Nfd2 Bg5 26.Qd3 Ba6 27.Qc2 Bxd2 28.Nxd2
Bxf1 29.Nxf1 b5 30.Kg2 Nf8 31.Ne3 Qb3 32.Qxb3 axb3 33.Nf1 Nd7 34.Nd2 b2 
35.Kf1 Nb6 36.Ke2 Kf8 37.Kd3 Nc4 38.Nb1 Ke7 39.a4 c6 40.a5 Kd6 41.f3 f6 
42.Ke2 h5 43.Kd3 g6 44.Ke2 Kc7 45.Kd3 g5 46.Ke2 Kd6 47.Kd3 h4 48.gxh4 gxh4
49.Kc2 Kc7 50.Kb3 Kb7 51.Kc2 Ka6 52.Kb3 Ne3 53.Kxb2 Nd1+ 54.Kc2 Nf2 55.Nd2
Nxh3 56.Nf1 Nf4 57.Nh2 c5 58.Kd2 cxb4 59.cxb4 Ne6 60.Ng4 h3 61.Ke3 Nd4 62.
f4 Nc2+ 63.Kf3 exf4 64.Kxf4 Nxb4 65.Kg3 Nd3 66.Nxf6 b4 67.Nd5 b3 68.Nc3 
Kxa5 69.Kxh3 Kb4 70.Nd1 Ka3 71.Kg3 Ka2 72.Kf3 Kb1 73.Ke2 Kc2 74.Ne3+ Kc3 
75.Nd1+ 1/2-1/2

[Event "20th EUR-ch"]
[Site "Skopje MKD"]
[Date "2019.03.26"]
[Round "8"]
[White "Efremov, Vladislav"]
[Black "Oboladze, Luka"]
[Result "1-0"]
[WhiteElo "2115"]
[BlackElo "2340"]
[EventDate "2019.03.18"]
[Board "132"]
[PlyCount "111"]

1.d4 Nf6 2.c4 e6 3.Nf3 b6 4.g3 Ba6 5.Qb3 Nc6 6.Nbd2 Bb4 7.Bg2 Ne4 8.d5 
Bxd2+ 9.Nxd2 Nxd2 10.Bxd2 Ne7 11.dxe6 fxe6 12.Bxa8 Qxa8 13.O-O Qe4 14.Qf3 
Qxf3 15.exf3 Nc6 16.Bc3 O-O 17.Rfd1 Rf7 18.b3 b5 19.cxb5 Bxb5 20.f4 Ne7 
21.Ba5 Nd5 22.Rac1 c6 23.a4 Be2 24.Rd2 Bf3 25.b4 a6 26.b5 axb5 27.axb5 
cxb5 28.Rc8+ Rf8 29.Rxf8+ Kxf8 30.Rb2 Nf6 31.Rxb5 Kf7 32.Rb3 Bc6 33.f3 Ne8
34.Kf2 Nf6 35.Bc3 Nd5 36.Be5 Ne7 37.Rb8 Ng8 38.Bd6 g6 39.Be5 Bd5 40.Rd8 
Bc6 41.Ke3 Ba4 42.h4 Bc6 43.Rb8 Bd5 44.g4 Bc6 45.Rb1 Ne7 46.Kf2 Bd5 47.Rh1
Bb3 48.h5 gxh5 49.Rxh5 Bc2 50.f5 exf5 51.Rxh7+ Ke6 52.Ba1 fxg4 53.Rh6+ Kf5
54.Rh5+ Ke6 55.Re5+ Kd6 56.fxg4 1-0

[Event "20th EUR-ch"]
[Site "Skopje MKD"]
[Date "2019.03.26"]
[Round "8"]
[White "Paszewski, Mateusz"]
[Black "Van Dael, Siem"]
[Result "1-0"]
[WhiteElo "2340"]
[BlackElo "2207"]
[EventDate "2019.03.18"]
[Board "133"]
[PlyCount "63"]

1.e4 c5 2.Nf3 Nc6 3.Bb5 g6 4.Bxc6 bxc6 5.d4 Ba6 6.dxc5 Qa5+ 7.Nbd2 Qxc5 8.
Rb1 d5 9.b4 Qd6 10.Bb2 f6 11.e5 Qb8 12.c4 dxc4 13.Qe2 c3 14.Qxa6 cxd2+ 15.
Nxd2 Qb5 16.Qxb5 cxb5 17.O-O Kf7 18.Ne4 Bg7 19.Rbc1 h6 20.f4 f5 21.Nc3 a6 
22.Nd5 Rd8 23.Rc5 e6 24.Rc7+ Kf8 25.Nf6 Ne7 26.Rfc1 Nd5 27.Ra7 Bxf6 28.
exf6 Nxf4 29.Rcc7 Nd3 30.Bd4 e5 31.Bc5+ Nxc5 32.bxc5 1-0

[Event "20th EUR-ch"]
[Site "Skopje MKD"]
[Date "2019.03.26"]
[Round "8"]
[White "Maloberti, David"]
[Black "Radovanovic, Dusan"]
[Result "1/2-1/2"]
[WhiteElo "2113"]
[BlackElo "2331"]
[EventDate "2019.03.18"]
[Board "134"]
[PlyCount "112"]

1.d4 Nf6 2.c4 g6 3.Nc3 Bg7 4.e4 d6 5.Nf3 O-O 6.Be2 e5 7.O-O Nc6 8.d5 Ne7 
9.Ne1 Nd7 10.Be3 f5 11.f3 f4 12.Bf2 g5 13.Rc1 Ng6 14.a4 Nf6 15.c5 Rf7 16.
a5 Bf8 17.Nd3 h5 18.b4 g4 19.cxd6 cxd6 20.Nb5 g3 21.hxg3 fxg3 22.Bxg3 h4 
23.Bf2 Nh5 24.Nxa7 Bd7 25.Be3 Ng3 26.Nf2 Rxa7 27.Bxa7 Nf4 28.Bc4 Qg5 29.
Ng4 Bxg4 30.fxg4 h3 31.gxh3 Qh4 32.Rxf4 Rxf4 33.Kg2 Nxe4 34.Qe1 Qf6 35.Qe2
Qh4 36.Qe1 Qf6 37.Be2 Ng5 38.Rc4 Nf3 39.Qg3 Nh4+ 40.Kg1 Rxc4 41.Bxc4 e4 
42.Be2 Bg7 43.g5 Qa1+ 44.Kf2 Nf5 45.Qf4 Bd4+ 46.Bxd4 Qxd4+ 47.Kg2 Ne3+ 48.
Kg3 Nxd5 49.Qc1 Qe5+ 50.Kh4 Ne7 51.b5 e3 52.Qf1 Ng6+ 53.Kg4 Qe4+ 54.Kg3 
Qe5+ 55.Kg4 Qe4+ 56.Kg3 Qe5+ 1/2-1/2

[Event "20th EUR-ch"]
[Site "Skopje MKD"]
[Date "2019.03.26"]
[Round "8"]
[White "Muradli, Mahammad"]
[Black "Tarun, Kanyamarala"]
[Result "1-0"]
[WhiteElo "2444"]
[BlackElo "2027"]
[EventDate "2019.03.18"]
[Board "135"]
[PlyCount "55"]

1.d4 d5 2.Nf3 Nf6 3.c4 e6 4.Nc3 Bb4 5.cxd5 exd5 6.Bg5 h6 7.Bh4 O-O 8.e3 
Bf5 9.Qb3 Bxc3+ 10.bxc3 Nbd7 11.Be2 c5 12.O-O g5 13.Bg3 Ne4 14.Qxd5 Nxc3 
15.Qxf5 Nxe2+ 16.Kh1 Nxg3+ 17.fxg3 Rc8 18.h4 Nb6 19.Ne5 Kg7 20.Rf3 Rc7 21.
Raf1 c4 22.e4 Nc8 23.Ng4 Nd6 24.Qe5+ f6 25.Rxf6 Rxf6 26.hxg5 hxg5 27.Qxg5+
Kf7 28.Rxf6+ 1-0

[Event "20th EUR-ch"]
[Site "Skopje MKD"]
[Date "2019.03.26"]
[Round "8"]
[White "Sukovic, Andrej"]
[Black "Tomazini, Zan"]
[Result "0-1"]
[WhiteElo "2235"]
[BlackElo "2431"]
[EventDate "2019.03.18"]
[Board "136"]
[PlyCount "38"]

1.e4 c5 2.Nf3 d6 3.d4 cxd4 4.Nxd4 Nf6 5.Nc3 e6 6.Be3 a6 7.Be2 Be7 8.Nb3 
O-O 9.g4 Nc6 10.g5 Nd7 11.h4 b5 12.h5 Nb6 13.g6 hxg6 14.hxg6 Na4 15.Nxa4 
bxa4 16.Nd4 Nxd4 17.Bxd4 e5 18.Bc3 Bb7 19.Bd3 Rc8 0-1

[Event "20th EUR-ch"]
[Site "Skopje MKD"]
[Date "2019.03.26"]
[Round "8"]
[White "Arsovic, Zoran"]
[Black "Tadic, Stefan"]
[Result "1-0"]
[WhiteElo "2422"]
[BlackElo "2223"]
[EventDate "2019.03.18"]
[Board "137"]
[PlyCount "57"]

1.Nf3 d5 2.d4 e6 3.c4 g6 4.Nc3 Bg7 5.cxd5 exd5 6.Bf4 c6 7.e3 Ne7 8.Be2 O-O
9.O-O Nd7 10.Rc1 Re8 11.Nb5 Nf8 12.Nc7 Ne6 13.Nxe8 Nxf4 14.Nxg7 Nxe2+ 15.
Qxe2 Kxg7 16.Ne5 f6 17.Nd3 a5 18.Rfd1 b6 19.a4 Ba6 20.Qc2 Qd7 21.Rd2 h5 
22.Qb3 Nc8 23.Nf4 Kh6 24.h4 Rb8 25.e4 dxe4 26.Qg8 Qg7 27.Qxg7+ Kxg7 28.
Rxc6 Ne7 29.Rc7 1-0

[Event "20th EUR-ch"]
[Site "Skopje MKD"]
[Date "2019.03.26"]
[Round "8"]
[White "Uzumcu, Ahmet Utku"]
[Black "Erdogdu, Mert"]
[Result "1/2-1/2"]
[WhiteElo "2211"]
[BlackElo "2413"]
[EventDate "2019.03.18"]
[Board "138"]
[PlyCount "53"]

1.e4 e5 2.Nf3 Nc6 3.Bc4 Nf6 4.d3 Bc5 5.c3 O-O 6.Nbd2 d5 7.exd5 Nxd5 8.Ne4 
Be7 9.O-O Nb6 10.Bb3 a5 11.a4 Bf5 12.Re1 Qd7 13.Be3 Rad8 14.Bc2 Nd5 15.Qe2
Rfe8 16.Rad1 Bg6 17.Bb3 Kh8 18.Bc4 h6 19.Bb5 Bf8 20.Bc5 Nf4 21.Qf1 Bd6 22.
Nxd6 cxd6 23.Be3 Bh5 24.Bxf4 exf4 25.Rxe8+ Rxe8 26.Re1 Bxf3 27.gxf3 
1/2-1/2

[Event "20th EUR-ch"]
[Site "Skopje MKD"]
[Date "2019.03.26"]
[Round "8"]
[White "Karaoglan, Doruk"]
[Black "Duzhakov, Ilya"]
[Result "1/2-1/2"]
[WhiteElo "2197"]
[BlackElo "2405"]
[EventDate "2019.03.18"]
[Board "139"]
[PlyCount "44"]

1.e4 c5 2.Nc3 d6 3.g3 Nc6 4.Bg2 g6 5.f4 Bg7 6.Nf3 e6 7.e5 d5 8.Nb5 Bf8 9.
d4 a6 10.Nc3 Nh6 11.Ne2 Nf5 12.c3 h5 13.h3 Be7 14.g4 Nh4 15.Nxh4 Bxh4+ 16.
Kf1 Be7 17.Be3 Qb6 18.Qb3 Qxb3 19.axb3 cxd4 20.Nxd4 Bd7 21.g5 O-O 22.Ne2 
Rfc8 1/2-1/2

[Event "20th EUR-ch"]
[Site "Skopje MKD"]
[Date "2019.03.26"]
[Round "8"]
[White "Ivic, Mateo"]
[Black "Gadimbayli, Abdulla"]
[Result "1/2-1/2"]
[WhiteElo "2183"]
[BlackElo "2404"]
[EventDate "2019.03.18"]
[Board "140"]
[PlyCount "50"]

1.e4 e6 2.d4 d5 3.Nc3 Ne7 4.Nf3 a6 5.Bd3 Nbc6 6.O-O g6 7.Bg5 Bg7 8.Re1 h6 
9.Be3 O-O 10.e5 Nf5 11.g4 Nxe3 12.fxe3 f6 13.exf6 Rxf6 14.Rf1 Qd6 15.Qe2 
Bd7 16.g5 hxg5 17.Nxg5 Raf8 18.Qg2 Bh6 19.h4 Kg7 20.Rxf6 Rxf6 21.Rf1 Rxf1+
22.Kxf1 Qe7 23.Ke1 Nb4 24.Qg3 Nxd3+ 25.cxd3 Qd6 1/2-1/2

[Event "20th EUR-ch"]
[Site "Skopje MKD"]
[Date "2019.03.26"]
[Round "8"]
[White "Lewtak, Damian"]
[Black "Martinkus, Rolandas"]
[Result "1/2-1/2"]
[WhiteElo "2379"]
[BlackElo "2185"]
[EventDate "2019.03.18"]
[Board "141"]
[PlyCount "36"]

1.d4 Nf6 2.Bf4 d5 3.e3 e6 4.c3 c5 5.Nd2 Bd6 6.Bg3 Qc7 7.Ngf3 Nbd7 8.Bd3 
O-O 9.O-O e5 10.dxe5 Nxe5 11.Nxe5 Bxe5 12.Bxe5 Qxe5 13.Qc2 Qh5 14.c4 dxc4 
15.Bxc4 Bd7 16.Rfe1 Bc6 17.Be2 Qg6 18.Qxg6 hxg6 1/2-1/2

[Event "20th EUR-ch"]
[Site "Skopje MKD"]
[Date "2019.03.26"]
[Round "8"]
[White "Jackson, James P"]
[Black "Smirnova, Ekaterina"]
[Result "1/2-1/2"]
[WhiteElo "2377"]
[BlackElo "2178"]
[EventDate "2019.03.18"]
[Board "142"]
[PlyCount "74"]

1.e4 e6 2.d4 d5 3.Nc3 dxe4 4.Nxe4 Bd7 5.Nf3 Bc6 6.Bd3 Nd7 7.O-O Ngf6 8.Ng3
g6 9.b3 Bg7 10.Ba3 Bf8 11.Bb2 Bg7 12.c4 O-O 13.b4 Bxf3 14.Qxf3 c6 15.a4 
Qc7 16.a5 e5 17.a6 exd4 18.Bxd4 b6 19.Rad1 Rad8 20.Bc3 Rfe8 21.Rfe1 h5 22.
h3 h4 23.Ne4 Nxe4 24.Bxe4 Ne5 25.Qf4 Rxd1 26.Rxd1 Qe7 27.Qc1 Qe6 28.c5 
bxc5 29.bxc5 Bf8 30.Ba1 Qb3 31.Qc2 Qxc2 32.Bxc2 Bxc5 33.Kf1 g5 34.Be4 Bb6 
35.Bc3 f6 36.Rb1 Kf7 37.Bf5 Rd8 {120} 1/2-1/2

[Event "20th EUR-ch"]
[Site "Skopje MKD"]
[Date "2019.03.26"]
[Round "8"]
[White "Lahav, Michal"]
[Black "Baenziger, Fabian"]
[Result "0-1"]
[WhiteElo "2158"]
[BlackElo "2351"]
[EventDate "2019.03.18"]
[Board "143"]
[PlyCount "78"]

1.e4 c5 2.Nf3 Nc6 3.c3 Nf6 4.e5 Nd5 5.d4 cxd4 6.cxd4 d6 7.Be2 e6 8.O-O Be7
9.Re1 O-O 10.a3 b6 11.Bd3 Bb7 12.Nc3 dxe5 13.Nxd5 Qxd5 14.Be4 Qd7 15.dxe5 
Rfd8 16.Qe2 Na5 17.Bxb7 Qxb7 18.Bg5 Rd5 19.Qe4 Nb3 20.Rad1 Nc5 21.Qc2 Rad8
22.Rxd5 Rxd5 23.b4 Bxg5 24.Nxg5 Nd3 25.Re3 Qd7 26.h3 h6 27.Nf3 a5 28.Re4 
axb4 29.axb4 Qa7 30.Rc4 Qa1+ 31.Kh2 g6 32.Rc3 Nxe5 33.Nxe5 Rxe5 34.Rc8+ 
Kg7 35.Qc7 Qd4 36.Qc1 Qxf2 37.Qa1 Qf4+ 38.Kg1 Qg3 39.Rc4 Qe1+ 0-1

[Event "20th EUR-ch"]
[Site "Skopje MKD"]
[Date "2019.03.26"]
[Round "8"]
[White "Krstulovic, Alex"]
[Black "Hesse, Henrik"]
[Result "1/2-1/2"]
[WhiteElo "2351"]
[BlackElo "2165"]
[EventDate "2019.03.18"]
[Board "144"]
[PlyCount "27"]

1.d4 Nf6 2.c4 g6 3.Nc3 Bg7 4.e4 d6 5.Be2 O-O 6.Nf3 e5 7.O-O Nc6 8.d5 Ne7 
9.Ne1 Nd7 10.Be3 f5 11.f3 f4 12.Bf2 g5 13.Nd3 Rf6 14.c5 {60.....} 1/2-1/2

[Event "20th EUR-ch"]
[Site "Skopje MKD"]
[Date "2019.03.26"]
[Round "8"]
[White "Pogosyan, Stefan"]
[Black "Veleski, Robert"]
[Result "1-0"]
[WhiteElo "2347"]
[BlackElo "2177"]
[EventDate "2019.03.18"]
[Board "145"]
[PlyCount "113"]

1.c4 g6 2.d4 Bg7 3.Nf3 d6 4.Nc3 e5 5.e4 Nc6 6.d5 Nd4 7.Be2 c5 8.dxc6 bxc6 
9.O-O Ne7 10.b3 c5 11.Bg5 f6 12.Bh4 O-O 13.Nxd4 cxd4 14.Nd5 g5 15.Bg3 f5 
16.Nxe7+ Qxe7 17.f3 fxe4 18.fxe4 Rxf1+ 19.Bxf1 Bb7 20.Bd3 Qe6 21.Rc1 Qg6 
22.Qe2 h5 23.c5 dxc5 24.Rxc5 Rc8 25.Bc4+ Kh7 26.Ra5 d3 27.Qd2 h4 28.Bf2 
Rxc4 29.bxc4 Qxe4 30.Be3 Qxc4 31.Rxa7 Qb5 32.a4 Qb1+ 33.Qc1 Qb3 34.h3 Qd5 
35.Qf1 Kg6 36.Rxb7 Qxb7 37.Qxd3+ e4 38.Qb5 Qxb5 39.axb5 Kf5 40.b6 Be5 41.
Kf1 g4 42.Ke2 gxh3 43.gxh3 Ke6 44.Bf2 Kd5 45.Bxh4 Kc6 46.Bf2 Bf6 47.Be3 
Bh4 48.Bd4 Bg5 49.Kf2 Kb7 50.Kg3 Kc6 51.h4 Bh6 52.h5 Kb7 53.Kf2 Bf4 54.Be3
Be5 55.Kg2 Kc6 56.h6 Kd7 57.Kh3 1-0